000 00421nam a2200169Ia 4500
008 230718s9999 xx 000 0 und d
041 _aeng
082 _a336.24
_bMEH
100 _aMehta N.V.
245 _aIncome Tax Ready Reckoner 2001-02
260 _c2001
_bKuber
300 _a336
_dRef 99 G (13044)
365 _cRs.
_b300.00
500 _a99 GEN
700 _aMehta N.V.
906 _dB:64801-Jun-2001
_cOTH
_b45
999 _c301838
_d301838